| 000 | 00372cam a22001217a 4500 | ||
|---|---|---|---|
| 008 | 180718b1967 xxu||||| |||| 00| 0 eng d | ||
| 082 | _a]I548 In2a | ||
| 100 | _aMukharji, G. | ||
| 245 |
_aAccess to official records and information _cby G. Mukharji |
||
| 260 |
_aNew Delhi _bIndian Institute of Public Administration _c1967 |
||
| 300 | _a70p | ||
| 650 | _aInformation services | ||
| 999 |
_c500036 _d500036 |
||